MyGZULibrary

Nutritional assessment / (Record no. 5020)

MARC details
000 -LEADER
fixed length control field 01600cam a2200373 a 4500
001 - CONTROL NUMBER
control field 15726019
003 - CONTROL NUMBER IDENTIFIER
control field GZU
005 - DATE AND TIME OF LATEST TRANSACTION
control field 20210326085228.0
008 - FIXED-LENGTH DATA ELEMENTS--GENERAL INFORMATION
fixed length control field 090504s2010 iaua b 001 0 eng
010 ## - LIBRARY OF CONGRESS CONTROL NUMBER
LC control number 2009018620
020 ## - INTERNATIONAL STANDARD BOOK NUMBER
International Standard Book Number 9780073375564 (hard copy : alk. paper)
020 ## - INTERNATIONAL STANDARD BOOK NUMBER
International Standard Book Number 9780071267724
020 ## - INTERNATIONAL STANDARD BOOK NUMBER
International Standard Book Number 007337556X (hard copy : alk. paper)
035 ## - SYSTEM CONTROL NUMBER
System control number (DNLM)101503947
040 ## - CATALOGING SOURCE
Original cataloging agency DNLM/DLC
Transcribing agency DLC
Modifying agency DLC
042 ## - AUTHENTICATION CODE
Authentication code pcc
050 00 - LIBRARY OF CONGRESS CALL NUMBER
Classification number RC621
Item number .LEE 2010
100 1# - MAIN ENTRY--PERSONAL NAME
Personal name Lee, Robert D.,
Dates associated with a name 1952-
Relator term author
245 10 - TITLE STATEMENT
Title Nutritional assessment /
Statement of responsibility, etc. Robert D. Lee, David C. Nieman.
250 ## - EDITION STATEMENT
Edition statement 5th ed.
260 ## - PUBLICATION, DISTRIBUTION, ETC.
Place of publication, distribution, etc. Boston, Dubuque, IA :
Name of publisher, distributor, etc. McGraw-Hill,
Date of publication, distribution, etc. c2010.
300 ## - PHYSICAL DESCRIPTION
Extent xii, 580 p. :
Other physical details ill., maps ;
Dimensions 28 cm.
504 ## - BIBLIOGRAPHY, ETC. NOTE
Bibliography, etc. note Includes bibliographical references and index.
505 0# - FORMATTED CONTENTS NOTE
Formatted contents note Introduction to nutritional assessment -- Standards for nutrient intake -- Measuring diet -- National dietary and nutrition surveys -- Computerized dietary analysis systems -- Anthropometry -- Assessment of the hospitalized patient -- Nutritional assessment in disease prevention -- Biochemical assessment of nutritional status -- Clinical assessment of nutritional status -- Counseling theory and technique.
650 #0 - SUBJECT ADDED ENTRY--TOPICAL TERM
Topical term or geographic name entry element Nutrition surveys.
650 #0 - SUBJECT ADDED ENTRY--TOPICAL TERM
Topical term or geographic name entry element Nutrition
General subdivision Evaluation.
650 #0 - SUBJECT ADDED ENTRY--TOPICAL TERM
Topical term or geographic name entry element Nutrition disorders
General subdivision Diagnosis.
650 12 - SUBJECT ADDED ENTRY--TOPICAL TERM
Topical term or geographic name entry element Nutrition Assessment.
650 22 - SUBJECT ADDED ENTRY--TOPICAL TERM
Topical term or geographic name entry element Nutrition Disorders
General subdivision diagnosis.
650 22 - SUBJECT ADDED ENTRY--TOPICAL TERM
Topical term or geographic name entry element Nutritional Status.
700 1# - ADDED ENTRY--PERSONAL NAME
Personal name Nieman, David C.,
Dates associated with a name 1950-
Relator term author
906 ## - LOCAL DATA ELEMENT F, LDF (RLIN)
a 7
b cbc
c orignew
d 1
e ecip
f 20
g y-gencatlg
942 ## - ADDED ENTRY ELEMENTS (KOHA)
Source of classification or shelving scheme Library of Congress Classification
Koha item type Books
Edition 5th ed.
Classification part 621
Item part LEE
Call number prefix RC
Holdings
Withdrawn status Lost status Source of classification or shelving scheme Damaged status Not for loan Collection code Home library Current library Shelving location Date acquired Inventory number Total Checkouts Full call number Barcode Date last seen Copy number Price effective from Koha item type
    Library of Congress Classification     Non-fiction City Campus Library City Campus Library General Stacks 03/26/2021 10498   RC621 LEE 2010 G20879 03/26/2021 c.1 03/26/2021 Books
    Library of Congress Classification     Non-fiction City Campus Library City Campus Library General Stacks 03/26/2021 10495   RC621 LEE 2010 G20612 03/26/2021 c. 2 03/26/2021 Books
    Library of Congress Classification     Non-fiction City Campus Library City Campus Library General Stacks 03/26/2021 10496   RC621 LEE 2010 G20620 03/26/2021 c. 3 03/26/2021 Books
    Library of Congress Classification     Non-fiction City Campus Library City Campus Library General Stacks 03/26/2021 10497   RC621 LEE 2010 G20602 03/26/2021 c. 4 03/26/2021 Books